Zayed International Airport Destinations (Abu Dhabi, UAE) - Map - Statistics

General Stats
  • This quiz has been taken 59 times
  • The average score is 117 of 147
Answers on the Map
Answers color-coded by a green-red scale on the quiz's map according to % correct below.
 
Answer Stats
Destination % Correct
Addis Ababa
100%
Algiers
100%
Bangkok (Suvarnabhumi)
100%
Beijing (Daxing)
100%
Cairo
100%
Johannesburg (O.R. Tambo)
100%
Kuala Lumpur (International)
100%
Manila
100%
Riyadh
100%
Seoul (Incheon)
100%
Shanghai (Pudong)
100%
Singapore
100%
Taipei (Taoyuan)
100%
Tokyo (Narita)
100%
Athens
98%
Barcelona
98%
Casablanca
98%
Chicago (O'Hare)
98%
Doha
98%
Hong Kong
98%
Islamabad
98%
Istanbul
98%
Istanbul (Sabiha Gökçen)
98%
Jakarta (Soekarno-Hatta)
98%
Lisbon
98%
Madrid
98%
Minsk
98%
Moscow (Domodedovo)
98%
Moscow (Sheremetyevo)
98%
Moscow (Vnukovo)
98%
Nairobi (Jomo Kenyatta)
98%
New York (JFK)
98%
Paris (Charles de Gaulle)
98%
Saint Petersburg
98%
Tehran (Imam Khomeini)
98%
Toronto (Pearson)
98%
Alexandria
95%
Amsterdam
95%
Atlanta
95%
Baghdad
95%
Baku
95%
Beirut
95%
Brussels
95%
Dublin
95%
Geneva
95%
Hanoi
95%
Kabul
95%
Karachi
95%
London (Heathrow)
95%
Milan (Malpensa)
95%
Muscat
95%
Osaka (Kansai)
95%
Rome (Fiumicino)
95%
Sydney
95%
Washington (Dulles)
95%
Astana
93%
Berlin
93%
Boston
93%
Bucharest (Otopeni)
93%
Budapest
93%
Copenhagen
93%
Delhi
93%
Kuwait City
93%
Malé
93%
Melbourne
93%
Nice
93%
Tunis
93%
Vienna
93%
Warsaw (Chopin)
93%
Almaty
91%
Damascus
91%
Dhaka
91%
Frankfurt
91%
Manchester
91%
Mumbai
91%
Munich
91%
Prague
91%
Tel Aviv
91%
Zürich
91%
Amman (Queen Alia)
88%
Jeddah
88%
Kolkata
88%
Kraków
88%
Lahore
88%
Luxembourg
88%
Bengaluru
86%
Charlotte
86%
Cologne/Bonn
86%
Denpasar
86%
Kathmandu
86%
Tbilisi
86%
Chennai
84%
Düsseldorf
84%
Hyderabad
84%
Tashkent
84%
Yerevan
84%
Ahmedabad
81%
Ashgabat
81%
Colombo (Bandaranaike)
81%
İzmir
81%
Málaga
81%
Medina
81%
Phuket
81%
Antalya
79%
Phnom Penh (Techo)
79%
Dammam
77%
Bahrain
74%
Chiang Mai
74%
Leipzig/Halle
72%
Nuremberg
72%
Chittagong
70%
Port Sudan
67%
Sochi
67%
Jaipur
65%
Giza
63%
Kochi
63%
Santorini
63%
Yekaterinburg
63%
Kazan
60%
Goa (Mopa)
58%
Medan
58%
Peshawar
56%
Salalah
53%
Mykonos
51%
Faisalabad
49%
Haikou
49%
Lucknow
49%
Trabzon
49%
Mahé
47%
Sylhet
47%
Multan
42%
Thiruvananthapuram
40%
Chandigarh
35%
Krabi
35%
Latakia
35%
Kozhikode
30%
Madurai
30%
Makhachkala
30%
Sialkot
28%
Coimbatore
26%
Visakhapatnam
26%
Bhubaneswar
23%
Mangaluru
16%
Kannur
14%
El Alamein
12%
Tiruchirappalli
12%
Gassim
7%
No matching quizzes found
Score Distribution
Percent of People with Each Score
Percentile by Number Answered
Your Score History
You have not taken this quiz